Ezequiel

Sparad:
Bibliografiska uppgifter
Huvudupphovsman: Lamelas Míguez, Julio (Författare, medförfattare)
Materialtyp: Bok
Språk:spanska
Publicerad: Pamplona Asociación Bíblica Española 2006
Pamplona Verbo Divino 2006
Serie:Reseña Bíblica, 52
Ämnen:
Taggar: Lägg till en tagg
Inga taggar, Lägg till första taggen!

MARC

LEADER 00000nam a2200000 a 4500
001 UCI7358
003 CL-VaPUC
008 080626e20060000SP |||||||||||||||||spa|d
082 0 4 |a 224.4  |b LAM  |2 21 
100 0 |a Lamelas Míguez, Julio  |e author  |9 530553 
245 1 0 |a Ezequiel 
300 |a 72 p 
942 |c BK 
945 |d 20080626 00:00:00  |a jtorresc 
260 |a Pamplona  |b Asociación Bíblica Española  |c 2006 
260 |a Pamplona  |b Verbo Divino  |c 2006 
500 |a Revista Trimestral de la Asociación Bíblica Española, Invierno 2006 - N§ 52 
650 0 |a Textos sagrados   |9 257605 
650 0 |a Biblia  |9 257603 
650 7 |a COMENTARIOS  |2 CL-VaPUC  |9 313567 
583 |a last modification  |c 20130618 08:13:30  |k Rodrigo Vera 
490 0 |a Reseña Bíblica, 52 
999 |c 330653  |d 330651 
952 |0 0  |1 2  |4 0  |6 224_400000000000000_LAM_2006_2006  |7 0  |8 A  |9 416328  |a BIBTEO  |b BIBTEO  |d 2019-11-22  |i 4451996  |o 224.4 LAM 2006 2006  |p 4451996  |r 2019-11-22  |w 2019-11-22  |y BK  |k ICR